[Event "Buenos Aires FAOGBA op 2nd"]
[Site "Buenos Aires"]
[Date "2024.03.19"]
[Round "9"]
[White "Cumpe, Lucas"]
[Black "Mareco, Sandro"]
[Result "0-1"]
[WhiteElo "2191"]
[BlackElo "2589"]
[PlyCount "126"]
[EventDate "2024.03.12"]
[EventType "swiss"]
[EventRounds "9"]
[EventCountry "ARG"]
[SourceTitle "CB13_2024"]
[SourceDate "2024.03.27"]
[SourceVersion "1"]
[SourceVersionDate "2024.03.27"]
[SourceQuality "1"]

1. e4 c5 2. Nf3 d6 3. d4 cxd4 4. Nxd4 Nf6 5. Nc3 a6 6. a3 Nc6 7. Nxc6 bxc6 8. Bd3 g6 9. 0-0 Bg7 10. Re1 0-0 11. h3 Rb8 12. Rb1 Nh5 13. Be3 e5 14. Qd2 d5 15. Ba7 Ra8 16. Bc5 Nf4 17. Kh2 Re8 18. Bf1 Ne6 19. Na4 Rb8 20. Bb4 Ng5 21. Rbd1 Bh6 22. Qc3 d4 23. Qd3 Ne6 24. Bd2 Bf8 25. Qg3 h5 26. Kh1 h4 27. Qf3 Ng5 28. Bxg5 Qxg5 29. Bc4 Be6 30. Bxa6 Ra8 31. Qe2 Ra7 32. b3 Bxa3 33. Bc4 Qe7 34. Bxe6 Qxe6 35. Nb6 Bc5 36. Nc4 Ra2 37. Rf1 Qf6 38. Rc1 Qf4 39. Qg4 Qxg4 40. hxg4 Be7 41. Nxe5 Bg5 42. f4 Bxf4 43. Rxf4 Rxe5 44. g5 Rxg5 45. Rxh4 Rc5 46. Rh3 Rcxc2 47. Rxc2 Rxc2 48. Rd3 c5 49. b4 cxb4 50. Rxd4 b3 51. Rb4 b2 52. Kh2 Kf8 53. Rb7 Ke8 54. Kg3 Kd8 55. Kf3 Kc8 56. Rb4 Kc7 57. g4 Kc6 58. Kf4 Kc5 59. Rb7 Kd4 60. e5 Rc4 61. Kg5 Kc3 62. Kf6 Rxg4 63. Kxf7 Rb4 0-1

[Event "Buenos Aires FAOGBA op 2nd"]
[Site "Buenos Aires"]
[Date "2024.03.18"]
[Round "8"]
[White "Mavrich, Demian"]
[Black "Cumpe, Lucas"]
[Result "0-1"]
[WhiteElo "2252"]
[BlackElo "2191"]
[PlyCount "88"]
[EventDate "2024.03.12"]
[EventType "swiss"]
[EventRounds "9"]
[EventCountry "ARG"]
[SourceTitle "CB13_2024"]
[SourceDate "2024.03.27"]
[SourceVersion "1"]
[SourceVersionDate "2024.03.27"]
[SourceQuality "1"]

1. e4 c5 2. Nf3 a6 3. g3 Nc6 4. Bg2 e5 5. 0-0 g6 6. a4 Bg7 7. d3 Nf6 8. Na3 0-0 9. Nc4 d6 10. a5 Be6 11. Nb6 Rb8 12. Bd2 h6 13. c4 Bg4 14. b4 Nxb4 15. Bxb4 cxb4 16. Qa4 Nd7 17. Nxd7 Bxd7 18. Qxb4 Qc7 19. Rfb1 Rfc8 20. Ne1 Bf6 21. Nc2 Qc5 22. Ne3 Be6 23. h4 Bd8 24. h5 gxh5 25. Qa4 Bg5 26. Nf5 Bxf5 27. exf5 h4 28. gxh4 Bxh4 29. Ra2 Qd4 30. Be4 Kh8 31. Rab2 Rg8+ 32. Kf1 d5 33. Bf3 Qxd3+ 34. Be2 Qxf5 35. Bd1 Qh3+ 36. Ke1 Qe3+ 37. Kf1 Qh3+ 38. Ke1 Rg1+ 39. Kd2 Bxf2 40. Rb3 Be1+ 41. Kc1 Bc3 42. Rb6 Qe3+ 43. Kc2 Rg2+ 44. Kb3 Bxa5# 0-1

[Event "Villa Ballester op 73rd"]
[Site "Buenos Aires"]
[Date "2024.01.25"]
[Round "6"]
[White "Axarlian, Carlos"]
[Black "Cumpe, Lucas"]
[Result "1-0"]
[WhiteElo "2014"]
[BlackElo "2224"]
[PlyCount "67"]
[EventDate "2024.01.19"]
[EventType "swiss"]
[EventRounds "9"]
[EventCountry "ARG"]
[SourceTitle "CB06_2024"]
[SourceDate "2024.02.07"]
[SourceVersion "1"]
[SourceVersionDate "2024.02.07"]
[SourceQuality "1"]

1. e4 c5 2. Nf3 d6 3. d4 cxd4 4. Nxd4 Nf6 5. Nc3 e6 6. Be3 a6 7. f3 h5 8. Qd2 Nbd7 9. 0-0-0 b5 10. Bd3 Bb7 11. Rhe1 Be7 12. Kb1 Rc8 13. a3 Nc5 14. Nce2 0-0 15. h3 Nfd7 16. g4 h4 17. g5 d5 18. exd5 Nxd3 19. Qxd3 Bxd5 20. Nf4 Bc4 21. Qd2 Ne5 22. Qf2 Qc7 23. Nh5 Bxa3 24. Bf4 Qa5 25. Bxe5 Bb4 26. Nb3 Qa4 27. Rg1 Rfd8 28. Nf6+ Kf8 29. Qb6 Rxd1+ 30. Rxd1 gxf6 31. Rd8+ Rxd8 32. Qxd8+ Kg7 33. Qxf6+ Kf8 34. Qd8# 1-0

[Event "Villa Martelli 90 Aanos"]
[Site "Villa Martelli"]
[Date "2023.09.07"]
[Round "8"]
[White "Unhold, Valentin"]
[Black "Cumpe, Lucas"]
[Result "1/2-1/2"]
[WhiteElo "2234"]
[BlackElo "2155"]
[PlyCount "74"]
[EventDate "2023.08.31"]
[EventType "tourn"]
[EventRounds "9"]
[EventCountry "ARG"]
[EventCategory "1"]
[SourceTitle "EXT 2024"]
[Source "ChessBase"]
[SourceDate "2023.10.10"]
[SourceVersion "1"]
[SourceVersionDate "2023.10.10"]
[SourceQuality "1"]

1. d4 d5 2. c4 e6 3. Nc3 Nf6 4. Nf3 dxc4 5. e4 b5 6. e5 Nfd7 7. Nxb5 Nb6 8. Be2 Be7 9. 0-0 Nc6 10. Be3 0-0 11. Qc1 Bb7 12. Nc3 Qd7 13. Rd1 Nb4 14. Nd2 N4d5 15. Nxc4 Nxc4 16. Bxc4 Nxe3 17. Qxe3 Bxg2 18. d5 Bxd5 19. Nxd5 exd5 20. Bxd5 Qg4+ 21. Kh1 Bg5 22. Qg3 Qxg3 23. hxg3 Rab8 24. b3 g6 25. Rd4 Rfd8 26. Rad1 Kg7 27. Kg2 Be7 28. Bc4 Rxd4 29. Rxd4 Rd8 30. Rxd8 Bxd8 31. Kf3 Be7 32. Ke4 Bc5 33. f4 h5 34. f5 gxf5+ 35. Kxf5 Bf2 36. Kf4 Be1 37. Be2 h4 1/2-1/2

[Event "Villa Martelli 90 Aanos"]
[Site "Villa Martelli"]
[Date "2023.09.06"]
[Round "7"]
[White "Cumpe, Lucas"]
[Black "Borda Rodas, Anapaola S"]
[Result "1-0"]
[WhiteElo "2155"]
[BlackElo "2277"]
[PlyCount "59"]
[EventDate "2023.08.31"]
[EventType "tourn"]
[EventRounds "9"]
[EventCountry "ARG"]
[EventCategory "1"]
[SourceTitle "EXT 2024"]
[Source "ChessBase"]
[SourceDate "2023.10.10"]
[SourceVersion "1"]
[SourceVersionDate "2023.10.10"]
[SourceQuality "1"]

1. e4 e5 2. Nf3 Nc6 3. Nc3 Nf6 4. a3 d5 5. Bb5 Nxe4 6. Nxe5 Qf6 7. Nf3 Be6 8. Qe2 Qg6 9. Nxe4 Qxe4 10. Qxe4 dxe4 11. Nd4 Bd5 12. Nxc6 bxc6 13. Be2 Bd6 14. 0-0 0-0 15. d4 exd3 16. Bxd3 Be5 17. Re1 Rfe8 18. c4 Bxh2+ 19. Kxh2 Rxe1 20. cxd5 a5 21. dxc6 a4 22. Rb1 Rd8 23. Bg5 Rxb1 24. Bxb1 Rd4 25. f3 h6 26. Be7 g6 27. Bb4 Rc4 28. Be4 Kg7 29. Bd5 Rc2 30. Bc3+ 1-0

[Event "Villa Martelli 90 Aanos"]
[Site "Villa Martelli"]
[Date "2023.09.01"]
[Round "2"]
[White "Contin, Daniel"]
[Black "Cumpe, Lucas"]
[Result "1/2-1/2"]
[WhiteElo "2225"]
[BlackElo "2155"]
[PlyCount "129"]
[EventDate "2023.08.31"]
[EventType "tourn"]
[EventRounds "9"]
[EventCountry "ARG"]
[EventCategory "1"]
[SourceTitle "EXT 2024"]
[Source "ChessBase"]
[SourceDate "2023.10.10"]
[SourceVersion "1"]
[SourceVersionDate "2023.10.10"]
[SourceQuality "1"]

1. c4 e5 2. Nc3 d6 3. g3 f5 4. Bg2 Nf6 5. b4 Be7 6. d3 0-0 7. Rb1 Qe8 8. Bg5 h6 9. Bxf6 Bxf6 10. Qb3 Nc6 11. c5+ Be6 12. Bd5 Nd4 13. Bxe6+ Kh8 14. Qc4 Nxe6 15. Nf3 b5 16. Nxb5 d5 17. Qb3 Qxb5 18. Qxd5 e4 19. dxe4 fxe4 20. Qxe4 Bc3+ 21. Kf1 Rae8 22. a4 Qxa4 23. Qc4 Bf6 24. Kg2 Qc6 25. Rhd1 Ng5 26. b5 Qa8 27. Rd7 Re4 28. Qd3 Rfe8 29. h4 Nxf3 30. exf3 R4e7 31. c6 Qb8 32. Rb4 a5 33. Re4 Rxd7 34. cxd7 Rxe4 35. fxe4 a4 36. e5 Be7 37. Qg6 Qf8 38. Qe6 a3 39. f3 Qd8 40. h5 a2 41. Qxa2 Qxd7 42. Qf7 Qd8 43. f4 Bc5 44. Kh3 Qd3 45. e6 Qxb5 46. Qxc7 Qf1+ 47. Kg4 Qd1+ 48. Kh4 Qh1+ 49. Kg4 Qd1+ 50. Kh4 Qd6 51. Qc8+ Kh7 52. Kh3 Qf8 53. Qxf8 Bxf8 54. Kg4 Bd6 55. Kf5 Kg8 56. Kg6 Kf8 57. Kh7 Bb4 58. Kg6 Bc3 59. g4 Bd2 60. Kf5 Ke7 61. g5 Bc1 62. gxh6 gxh6 63. Ke5 Bd2 64. Kf5 Kd6 65. Kg4 1/2-1/2

[Event "Buenos Aires Masters op"]
[Site "Buenos Aires"]
[Date "2023.06.20"]
[Round "9"]
[White "Campos, Maria Jose"]
[Black "Cumpe, Lucas"]
[Result "1-0"]
[WhiteElo "2219"]
[BlackElo "2164"]
[PlyCount "91"]
[EventDate "2023.06.14"]
[EventType "swiss"]
[EventRounds "9"]
[EventCountry "ARG"]
[SourceTitle "CBM 215 Extra"]
[Source "ChessBase"]
[SourceDate "2023.09.30"]
[SourceVersion "1"]
[SourceVersionDate "2023.09.30"]
[SourceQuality "1"]

1. c4 d6 2. g3 e5 3. Bg2 f5 4. Nc3 Nf6 5. d3 a5 6. a3 Be7 7. f4 0-0 8. Nh3 Qe8 9. e3 c6 10. Rb1 Ng4 11. Qe2 Bf6 12. Nf2 Nxf2 13. Qxf2 Na6 14. Na4 e4 15. 0-0 b5 16. cxb5 cxb5 17. Nb6 Rb8 18. Nxc8 Rxc8 19. dxe4 fxe4 20. Qd2 Qc6 21. Rd1 Rfd8 22. Qxa5 Nc5 23. Bf1 Rb8 24. Bd2 Qd5 25. Bc3 Qb3 26. Qb4 Qxb4 27. Bxb4 Na4 28. Rxd6 Rxd6 29. Bxd6 Rb6 30. Be5 Bxe5 31. fxe5 Kf7 32. Bh3 b4 33. e6+ Ke8 34. axb4 Rxb4 35. Rc1 Nxb2 36. Rc8+ Ke7 37. Rc7+ Ke8 38. Rxg7 Nd3 39. Bf5 Rb1+ 40. Kg2 Rb2+ 41. Kh3 Nf2+ 42. Kh4 Nd1 43. Bxh7 Rxh2+ 44. Kg5 Kf8 45. Rf7+ Ke8 46. Bg6 1-0

[Event "Buenos Aires Masters op"]
[Site "Buenos Aires"]
[Date "2023.06.18"]
[Round "6"]
[White "Cumpe, Lucas"]
[Black "Fernandes, Martin"]
[Result "1-0"]
[WhiteElo "2164"]
[BlackElo "1944"]
[PlyCount "77"]
[EventDate "2023.06.14"]
[EventType "swiss"]
[EventRounds "9"]
[EventCountry "ARG"]
[SourceTitle "CBM 215 Extra"]
[Source "ChessBase"]
[SourceDate "2023.09.30"]
[SourceVersion "1"]
[SourceVersionDate "2023.09.30"]
[SourceQuality "1"]

1. e4 e6 2. d4 d5 3. Nd2 Nf6 4. e5 Nfd7 5. f4 c5 6. c3 Qb6 7. Ndf3 Nc6 8. a3 c4 9. Ne2 Na5 10. g4 Qb3 11. f5 Qxd1+ 12. Kxd1 Nb3 13. Rb1 Be7 14. Be3 Nb6 15. Bh3 Bd7 16. Nf4 Rc8 17. Nh5 g6 18. Nf6+ Bxf6 19. exf6 exf5 20. gxf5 Rc6 21. Bh6 Rxf6 22. Bg7 Rxf5 23. Bxf5 Bxf5 24. Re1+ Kd8 25. Bxh8 Bxb1 26. Bf6+ Kc8 27. Re8+ Kd7 28. Re7+ Kd6 29. Nd2 Nxd2 30. Kxd2 Nd7 31. Rxf7 Bf5 32. Be5+ Kc6 33. Rxh7 b5 34. h4 a5 35. Rh8 Nb6 36. Rf8 Be4 37. Rf6+ Kb7 38. Rf7+ Kc6 39. Rc7# 1-0

[Event "ARG-ch sf 98th"]
[Site "Buenos Aires"]
[Date "2023.05.01"]
[Round "3"]
[White "Acosta, Pablo Ismael"]
[Black "Cumpe, Lucas"]
[Result "1-0"]
[WhiteElo "2498"]
[BlackElo "2130"]
[PlyCount "79"]
[EventDate "2023.04.29"]
[EventType "swiss"]
[EventRounds "9"]
[EventCountry "ARG"]
[SourceTitle "CBM 214 Extra"]
[Source "ChessBase"]
[SourceDate "2023.07.31"]
[SourceVersion "1"]
[SourceVersionDate "2023.07.31"]
[SourceQuality "1"]

1. e4 c5 2. Nf3 d6 3. Bb5+ Bd7 4. Bxd7+ Qxd7 5. 0-0 Nc6 6. c3 d5 7. d3 e6 8. Qe2 g6 9. Be3 d4 10. cxd4 cxd4 11. Bf4 Bg7 12. Na3 e5 13. Bg3 Nge7 14. b4 f6 15. b5 Na5 16. Nd2 0-0 17. f4 Rac8 18. fxe5 fxe5 19. Nac4 Nxc4 20. Nxc4 Qe6 21. Rxf8+ Rxf8 22. a4 g5 23. Qa2 Ng6 24. Nd6 Qxa2 25. Rxa2 Rb8 26. Rc2 Bf8 27. Nf5 h5 28. h3 h4 29. Bh2 b6 30. Rc6 Kf7 31. Kf2 Bb4 32. Nh6+ Kg7 33. Ng4 Re8 34. Rc7+ Kf8 35. Rxa7 Re6 36. Ke2 Ke8 37. Rb7 Kd8 38. Rf7 Be7 39. Rf5 Kc8 40. Bxe5 1-0

[Event "Buenos Aires Carnival op"]
[Site "Buenos Aires"]
[Date "2023.02.20"]
[Round "5"]
[White "Cumpe, Lucas"]
[Black "Dolezal, Cristian"]
[Result "1/2-1/2"]
[WhiteElo "2113"]
[BlackElo "2354"]
[PlyCount "109"]
[EventDate "2023.02.18"]
[EventType "swiss"]
[EventRounds "7"]
[EventCountry "ARG"]
[SourceTitle "EXT 2024"]
[Source "ChessBase"]
[SourceDate "2023.10.10"]
[SourceVersion "1"]
[SourceVersionDate "2023.10.10"]
[SourceQuality "1"]

1. e4 c6 2. d4 d5 3. exd5 cxd5 4. Bd3 Nc6 5. c3 Nf6 6. Nf3 Qc7 7. h3 g6 8. Qe2 Bg7 9. 0-0 0-0 10. Re1 Bf5 11. Bxf5 gxf5 12. Ne5 Nxe5 13. Bf4 Ne4 14. dxe5 Qb6 15. Be3 Qg6 16. Bf4 e6 17. Nd2 Kh8 18. Nf3 Bh6 19. Nh4 Qg7 20. Qe3 Bxf4 21. Qxf4 Rac8 22. Rad1 Rg8 23. Re2 h6 24. g3 Rc4 25. Rd4 Rxd4 26. cxd4 Rc8 27. Nf3 Ng5 28. Kg2 Rc4 29. Qe3 Nxf3 30. Kxf3 Qf8 31. Qd2 Kg7 32. Re3 Qc8 33. Rc3 Qc6 34. Ke3 b5 35. Rxc4 dxc4 36. f3 Qa6 37. d5 exd5 38. Qxd5 Qxa2 39. Qxb5 Qb1 40. Qb4 Qd3+ 41. Kf4 Qd8 42. h4 Qd4+ 43. Kxf5 Qd3+ 44. Kf4 Qd4+ 45. Kf5 Qe3 46. Qxc4 Qxf3+ 47. Qf4 Qh5+ 48. Ke4 Qe2+ 49. Qe3 Qc2+ 50. Kf3 Qxb2 51. Qxa7 Qxe5 52. Qe3 Qf5+ 53. Qf4 Qd3+ 54. Qe3 Qf5+ 55. Qf4 1/2-1/2

[Event "Buenos Aires Carnival op"]
[Site "Buenos Aires"]
[Date "2023.02.20"]
[Round "4"]
[White "Dominguez, Diego Leonardo"]
[Black "Cumpe, Lucas"]
[Result "0-1"]
[WhiteElo "1940"]
[BlackElo "2113"]
[PlyCount "104"]
[EventDate "2023.02.18"]
[EventType "swiss"]
[EventRounds "7"]
[EventCountry "ARG"]
[SourceTitle "EXT 2024"]
[Source "ChessBase"]
[SourceDate "2023.10.10"]
[SourceVersion "1"]
[SourceVersionDate "2023.10.10"]
[SourceQuality "1"]

1. d4 d5 2. Bf4 Nf6 3. e3 Bg4 4. f3 Bd7 5. Nd2 Nh5 6. Bg5 c5 7. dxc5 Qc7 8. Nb3 Qe5 9. f4 Qxe3+ 10. Qe2 Qxe2+ 11. Bxe2 Nf6 12. Bxf6 gxf6 13. c4 dxc4 14. Bxc4 e6 15. Rc1 Bc6 16. Rc2 Nd7 17. Bd3 Nxc5 18. Nxc5 Bxc5 19. Nf3 Be3 20. f5 Rd8 21. Ke2 Bb6 22. Rhc1 Rg8 23. Ne1 Ke7 24. g3 h5 25. Rc4 Bd4 26. b4 Bb6 27. Rh4 Rg5 28. a4 Bxa4 29. Nf3 Rg4 30. Rc4 Bb5 31. Rc3 Rxh4 32. Nxh4 Bc6 33. Bc4 Rd4 34. fxe6 fxe6 35. Ng6+ Kd6 36. Nf4 Re4+ 37. Kd2 Bf2 38. Rd3+ Ke7 39. Kc3 Be1+ 40. Kb3 b5 41. Bxe6 Rxb4+ 42. Ka2 h4 43. Bb3 Be4 44. Re3 Bd2 45. Nd5+ Kd6 46. Re2 Bxd5 47. Bxd5 Kxd5 48. Rxd2+ Rd4 49. Rb2 a6 50. Rf2 Ke5 51. Kb3 hxg3 52. hxg3 Rd3+ 0-1

[Event "Buenos Aires Torre Blanca U2400 op"]
[Site "Buenos Aires"]
[Date "2023.01.06"]
[Round "1"]
[White "Cumpe, Lucas"]
[Black "Ganza Svidler, Pedro"]
[Result "1-0"]
[WhiteElo "2114"]
[BlackElo "1736"]
[PlyCount "53"]
[EventDate "2023.01.06"]
[EventType "swiss"]
[EventRounds "6"]
[EventCountry "ARG"]
[SourceTitle "CBM 212 Extra"]
[Source "ChessBase"]
[SourceDate "2023.03.31"]
[SourceVersion "1"]
[SourceVersionDate "2023.03.31"]
[SourceQuality "1"]

1. e4 e5 2. Bc4 Nf6 3. d3 c6 4. Nf3 Be7 5. 0-0 d6 6. Re1 0-0 7. d4 exd4 8. Qxd4 Qb6 9. Bg5 Nbd7 10. Nc3 Ne5 11. Qxb6 Nxf3+ 12. gxf3 axb6 13. Rad1 Ra5 14. f4 h6 15. Bh4 Bg4 16. Be2 Bxe2 17. Rxe2 Rh5 18. Bg3 Rd8 19. e5 dxe5 20. Rxd8+ Bxd8 21. fxe5 Nh7 22. Rd2 Bc7 23. e6 Rg5 24. Kf1 Rxg3 25. e7 Nf6 26. Rd8+ Kh7 27. hxg3 1-0

[Event "ARG-chT"]
[Site "Villa Martelli"]
[Date "2022.08.27"]
[Round "2.6"]
[White "Cumpe, Lucas"]
[Black "Llanos, Guillermo"]
[Result "1-0"]
[WhiteElo "2187"]
[BlackElo "2297"]
[PlyCount "69"]
[EventDate "2022.08.26"]
[EventType "team-swiss"]
[EventRounds "8"]
[EventCountry "ARG"]
[SourceTitle "EXT 2023"]
[Source "ChessBase"]
[SourceDate "2022.10.05"]
[SourceVersion "1"]
[SourceVersionDate "2022.10.05"]
[SourceQuality "1"]
[WhiteTeam "Villa del Parque CC"]
[BlackTeam "Torre Blanca"]
[WhiteTeamCountry "ARG"]
[BlackTeamCountry "ARG"]

1. e4 c5 2. Nf3 Nf6 3. e5 Nd5 4. Nc3 e6 5. Nxd5 exd5 6. d4 d6 7. exd6 Bxd6 8. Bb5+ Nc6 9. 0-0 0-0 10. dxc5 Bxc5 11. c3 Bg4 12. Qd3 Re8 13. Ba4 Bxf3 14. Qxf3 Qh4 15. Bf4 Re4 16. Bg3 Qe7 17. b4 Bb6 18. Bc2 Re6 19. Qxd5 Rd8 20. Qh5 g6 21. Qh4 Qe8 22. Bb3 Re4 23. Bxf7+ Kxf7 24. Qxh7+ Kf8 25. Bf4 Rxf4 26. Qh6+ Kg8 27. Qxf4 Qe2 28. Qf6 Qd3 29. b5 Rd6 30. Qg5 Rd5 31. Qf6 Ne5 32. c4 Nxc4 33. Rae1 Nd6 34. Re7 Bd4 35. Rg7+ 1-0

[Event "Buenos Aires Torre Blanca op"]
[Site "Buenos Aires"]
[Date "2022.02.07"]
[Round "2"]
[White "Fiorito, Francisco"]
[Black "Cumpe, Lucas"]
[Result "1-0"]
[WhiteElo "1893"]
[BlackElo "2176"]
[PlyCount "167"]
[EventDate "2022.02.03"]
[EventType "swiss"]
[EventRounds "7"]
[EventCountry "ARG"]
[SourceTitle "EXT 2023"]
[Source "ChessBase"]
[SourceDate "2022.10.05"]
[SourceVersion "1"]
[SourceVersionDate "2022.10.05"]
[SourceQuality "1"]

1. e4 c5 2. Nf3 d6 3. d4 cxd4 4. Nxd4 Nf6 5. Nc3 a6 6. Be2 e5 7. Nb3 Be6 8. Be3 Be7 9. Nd5 Bxd5 10. exd5 0-0 11. Qd3 Ne8 12. Qd2 Nd7 13. g4 Nef6 14. h4 Rc8 15. c4 b6 16. g5 Ne4 17. Qc2 f5 18. gxf6 Nexf6 19. Qd3 Qc7 20. Rc1 Rf7 21. h5 Kh8 22. Rg1 Rcf8 23. Nd2 Nc5 24. Qc2 a5 25. Nf3 Nfe4 26. Rg4 Rxf3 27. Bxf3 Rxf3 28. Rxe4 Nxe4 29. Qxe4 Rf7 30. Qg4 Bd8 31. Ke2 Kg8 32. h6 g6 33. Qe6 Qd7 34. Qxd7 Rxd7 35. Kd3 Kf8 36. Rc3 Ke7 37. Rb3 Rb7 38. Ke4 Kd7 39. f4 exf4 40. Bxf4 Rc7 41. Kd3 Rc8 42. Rc3 Bc7 43. Rc2 Rf8 44. Ke4 Bd8 45. Be3 Re8+ 46. Kf3 Re5 47. Rg2 Rh5 48. Bf4 Rh3+ 49. Kg4 Rh4+ 50. Kf3 Be7 51. b3 Bf8 52. Kg3 Rh1 53. Rh2 Rb1 54. Rf2 Rh1 55. Kg2 Rh5 56. Be3 Bxh6 57. Bxb6 Re5 58. Rf7+ Re7 59. Rxe7+ Kxe7 60. Bxa5 Be3 61. Kf3 Ba7 62. Bc3 h5 63. a4 g5 64. Kg3 Be3 65. a5 Kd7 66. b4 Kc7 67. b5 Kb7 68. Bf6 g4 69. Be7 Bc5 70. Bg5 Bd4 71. a6+ Ka7 72. Bh4 Bc3 73. Kg2 Ka8 74. Bd8 Bd4 75. Bc7 Ka7 76. Bxd6 h4 77. c5 h3+ 78. Kh2 Bf2 79. c6 Kb6 80. c7 g3+ 81. Bxg3 Bg1+ 82. Kxg1 h2+ 83. Bxh2 Ka7 84. c8Q 1-0